000 00293nam a2200133 i 4500
001 bg
100 1 _aPETROVSKIJ, J. J.
245 0 _aMechanika /
_cJ. J. Petrovskij.
260 _amINSK,
_c1973.
040 _cBPK
041 _apol
942 _cKS
008 s pl f |000 0 pol
999 _c15657
_d15657
856 _uhttp://koha.tu.koszalin.pl/cgi-bin/koha/opac-detail.pl?biblionumber=15657
_yKatalog online BPK